Causas y memorias de los conjurados del 25 de septiembre de 1828 / (Record no. 173214)

MARC details
000 -LEADER
campo de control de longitud fija 00920nam a2200241 i 4500
001 - NÚMERO DE CONTROL
campo de control 173214
003 - IDENTIFICADOR DE NÚMERO DE CONTROL
campo de control ES-MaACL
005 - FECHA Y HORA DE LA ÚLTIMA TRANSACCIÓN
campo de control 20230906215157.0
008 - DATOS DE LONGITUD FIJA--INFORMACIÓN GENERAL
campo de control de longitud fija 091118s1990 ck |||| |dspa d
020 ## - NÚMERO INTERNACIONAL ESTÁNDAR DEL LIBRO
Número Internacional Estándar del Libro 958-643-096-0
080 ## - NÚMERO DE LA CLASIFICACIÓN DECIMAL UNIVERSAL
Número de la Clasificación Decimal Universal 986.1"1828"
245 00 - MENCIÓN DEL TÍTULO
Título Causas y memorias de los conjurados del 25 de septiembre de 1828 /
Mención de responsabilidad, etc. introducción, María Isabel Perdomo Pardo, Germán Mejia Pavony.
250 ## - MENCION DE EDICION
Mención de edición 1ª ed.
260 ## - PUBLICACIÓN, DISTRIBUCIÓN, ETC.
Lugar de publicación, distribución, etc. Bogotá :
Nombre del editor, distribuidor, etc. Fundación Francisco de Paula Santander,
Fecha de publicación, distribución, etc. 1990.
300 ## - DESCRIPCIÓN FÍSICA
Extensión 3 v. ;
Dimensiones 24 cm.
490 1# - MENCIÓN DE SERIE
Mención de serie Biblioteca de la Presidencia de la República.
-- Documentos ;
Designación de volumen o secuencia 46-48
651 #4 - PUNTO DE ACCESO ADICIONAL DE MATERIA--NOMBRE GEOGRÁFICO
Nombre geográfico Colombia-
Subdivisión general Historia-
Subdivisión cronológica 1822-1832.
9 (RLIN) 8074
700 1# - ENTRADA AGREGADA--NOMBRE PERSONAL
Nombre de persona Perdomo Pardo, María Isabel.
9 (RLIN) 142715
700 1# - ENTRADA AGREGADA--NOMBRE PERSONAL
Nombre de persona Mejía Pavony, Germán.
9 (RLIN) 142716
830 1# - PUNTO DE ACCESO ADICIONAL DE SERIE-TÍTULO UNIFORME
Título uniforme Biblioteca de la Presidencia de la República.
-- Documentos ;
Designación de volumen o secuencia 46-48
9 (RLIN) 223497
852 4# - LOCALIZACIÓN
Ubicación BA
Número de control de estantería C-37433-35
Holdings
Estatus retirado Estado de pérdida Estado de daño No para préstamo Biblioteca de origen Biblioteca actual Ubicación en estantería Fecha de adquisición Fuente de adquisición Total de préstamos Signatura topográfica completa Código de barras Visto por última vez Precio de reemplazo Tipo de ítem Koha
        Biblioteca del Ateneo de Madrid Biblioteca del Ateneo de Madrid Depósito 2 18/11/2009     C-37433-35 1181752 23/02/2023 23/02/2023 Libro impreso